00819nam a2200193 i 450000100060000000300090000600500170001500700030003200800410003510000320007624501230010826001010023130000450033250000740037765100410045165100340049271000790052685200200060569934ES-MaACL20230906170651.0t|040713s1960 sp df |||| | spa d1 aGarcía Manrique, Eusebio.14aLas comarcas de Borja y Tarazona y el Somontano del Moncayo b: estudio geográfico / cpor Eusebio García Moncayo. aZaragoza : bDepartamento de Geografía Aplicada del Instituto Juan Sebastián Elcano, c1960. a301 p., 37 lám. : bgráf. ; c27 cm. aPrecede al tít.: Consejo Superior de Investigaciones Científicas. 4aTarazona y el Moncayo-xGeografía. 4aCampo de Borja-xGeografía.2 aInstituto Juan Sebastián Elcano. bDepartamento de Geografía Aplicada. aES-MaACLjE-128